[Event "USA-ch Online Qualifier 2021"]
[Site "Online"]
[Date "2020.12.17"]
[Round "5.2"]
[White "Moradiabadi, Elshan"]
[Black "Swiercz, Dariusz"]
[Result "1/2-1/2"]
[WhiteElo "2555"]
[BlackElo "2649"]
[Annotator "TA"]
[PlyCount "78"]
[EventDate "2020.12.11"]
[EventType "tourn"]
[EventCountry "NET"]
[SourceTitle "playchess.com"]
[Source "ChessBase"]
[SourceQuality "1"]

{[%evp 9,78,-6,-3,-8,0,-16,-6,-2,-9,-18,-12,-41,-45,-41,-35,-42,-36,-63,-35,-30,-33,-35,-3,-12,-12,-13,0,0,0,-35,0,-2,0,-16,0,0,0,-11,-7,-29,-20,-45,-4,-4,-2,-5,0,-8,0,-47,0,0,0,0,0,0,0,0,0,0,0,0,0,0,0,0,0,0,0,0,0]} 1. d4 d5 2. c4 c6 3. Nf3 Nf6 4. Nbd2 Bf5 5. Qb3 Qc7 6. Nh4 {D11: Slav Defence: 3 Nf3 sidelines and 3...Nf6 4 e3 Bg4.} Be6 7. e3 g6 8. Nhf3 Bg7 9. cxd5 cxd5 10. Bb5+ Nc6 {[%cal Bb8c6,Bc6a7,Ba7b5][%mdl 32]} 11. O-O O-O 12. Qa3 {[#]} a5 $146 ({Predecessor:} 12... Na5 13. b3 Rfc8 14. Bb2 Bf8 15. Rac1 Qd8 16. b4 Nc4 17. Bxc4 dxc4 18. e4 Bg4 {1-0 (35) Mamedyarov,S (2743)-Potkin,V (2621) Dubai 2014}) 13. Qa4 Na7 14. Bd3 Rfc8 15. Qd1 Bf5 16. Bxf5 gxf5 17. Ne1 Nb5 18. a4 Nd6 19. b3 b5 20. axb5 Nxb5 21. Bb2 Nc3 22. Bxc3 Qxc3 23. Nef3 e6 24. h3 Ne4 25. Ra2 Qd3 {White must now prevent ...Nc3.} 26. Nxe4 Qxd1 {[#]} 27. Nf6+ $1 {[%mdl 512]} Bxf6 28. Rxd1 Be7 29. g4 fxg4 30. hxg4 {The position is equal.} Rc3 31. Rb1 Bb4 32. Kg2 Kg7 33. Ng1 Rac8 34. Ne2 R3c7 35. Kf3 h6 36. Rbb2 Rc6 37. Rb1 R6c7 38. Rbb2 Kf6 39. Rb1 Kg7 {Weighted Error Value: White=0.07/Black=0.08} 1/2-1/2

[Event "USA-ch Online Qualifier 2021"]
[Site "Online"]
[Date "2020.12.17"]
[Round "5.3"]
[White "Lenderman, Aleksandr"]
[Black "Naroditsky, Daniel"]
[Result "1/2-1/2"]
[WhiteElo "2624"]
[BlackElo "2621"]
[Annotator "TA"]
[PlyCount "92"]
[EventDate "2020.12.11"]
[EventType "tourn"]
[EventCountry "NET"]
[SourceTitle "playchess.com"]
[Source "ChessBase"]
[SourceQuality "1"]

{[%evp 12,92,9,9,14,6,4,10,19,14,33,0,18,0,29,20,29,22,29,14,15,10,24,8,23,6,21,20,17,12,19,11,19,0,19,23,18,21,37,0,0,0,0,0,0,0,0,0,0,0,0,0,8,0,0,0,0,0,8,0,0,0,0,0,0,0,0,0,0,0,0,0,0,0,0,0,0,0,0,0,0,0,0]} 1. d4 Nf6 2. Bg5 Ne4 3. Bf4 d5 4. Nd2 Nxd2 5. Qxd2 Bf5 6. e3 e6 7. Nf3 Bd6 {A45: Trompowsky Attack.} 8. Bg3 O-O 9. c4 {[#]} dxc4 $146 ({Predecessor:} 9... c6 10. Be2 Re8 11. O-O Bxg3 12. hxg3 Nd7 13. b4 dxc4 14. Bxc4 e5 15. Qb2 e4 {1-0 (35) Schussler,H (2465)-Ost Hansen,J Gjovik 1985}) 10. Bxc4 Be4 11. O-O Nd7 (11... Bxf3 $5 12. gxf3 Nd7 $14) 12. Qc3 Bxg3 13. hxg3 c5 14. Rfd1 Qf6 15. Be2 cxd4 16. Nxd4 Rfc8 17. Qa3 Bd5 18. Rac1 a6 19. Bf3 {[#] Threatens to win with Rxc8+.} Bxf3 20. Nxf3 {And now Rxc8+ would win.} Ne5 21. Nxe5 Qxe5 22. Rxc8+ Rxc8 $11 {[%mdl 4096] Endgame KQR-KQR} 23. Qe7 {Threatening mate with Rd8+.} g6 24. Qxb7 Rc2 $1 25. Qb4 {aiming for Rd8+.} Kg7 {The position is equal.} 26. Qd4 Qxd4 27. Rxd4 Rxb2 {KR-KR} 28. Ra4 Rb1+ 29. Kh2 Rb6 30. g4 g5 31. Ra5 h6 32. g3 Kg6 33. Kg2 f5 34. Kh3 h5 35. gxf5+ exf5 36. f4 Re6 {[#]} 37. e4 $1 {[%cal Re4f5][%mdl 512]} Rxe4 38. Rxa6+ Kg7 39. fxg5 Rg4 40. a4 Rxg5 41. a5 Rg4 42. Rb6 Ra4 43. a6 f4 44. gxf4 Rxf4 45. Rb5 Ra4 46. Rxh5 Rxa6 {A rather calm draw.  Weighted Error Value: White=0.05/Black=0.04} 1/2-1/2

[Event "USA-ch Online Qualifier 2021"]
[Site "Online"]
[Date "2020.12.17"]
[Round "5.4"]
[White "Gareyev, Timur"]
[Black "Yoo, Christopher Woojin"]
[Result "1/2-1/2"]
[WhiteElo "2606"]
[BlackElo "2455"]
[Annotator "TA"]
[PlyCount "39"]
[EventDate "2020.12.11"]
[EventType "tourn"]
[EventCountry "NET"]
[SourceTitle "playchess.com"]
[Source "ChessBase"]
[SourceQuality "1"]

{[%evp 16,39,0,0,8,-9,0,-6,0,0,0,-11,-24,-22,0,0,0,0,7,-7,9,0,0,0,0,0]} 1. e3 g6 2. Nf3 Bg7 3. c4 c5 4. Nc3 Nf6 5. d4 cxd4 6. Nxd4 Nc6 7. Nc2 O-O 8. Be2 d6 9. O-O Bf5 {A35: Symmetrical English: 2 Nc3 Nc6 3 Nf3.} 10. f3 d5 11. cxd5 Nxd5 12. Nxd5 {[#] Hoping for e4.} Bxc2 13. Qxc2 {Rd1 is the strong threat.} Qxd5 14. Rd1 Qa5 {[#] The position is equal.} 15. Bd2 $146 ({Predecessor:} 15. Qb3 Rad8 16. Kf2 Rxd1 17. Qxd1 Rd8 18. Qc2 Qe5 19. g3 Qh5 20. Kg2 Qa5 21. Kf2 {½-½ (40) Egyed,A (2254)-Halak,M (2173) Slovakia 2016}) 15... Qb6 16. Rab1 Rfd8 17. Qb3 Rd6 18. Kf2 Qxb3 19. axb3 Rad8 20. Ke1 {Not much happened in this game.  Weighted Error Value: White=0.05/Black=0.06} 1/2-1/2

[Event "USA-ch Online Qualifier 2021"]
[Site "Online"]
[Date "2020.12.18"]
[Round "6.1"]
[White "Hess, Robert"]
[Black "Gareyev, Timur"]
[Result "0-1"]
[WhiteElo "2591"]
[BlackElo "2606"]
[Annotator "TA"]
[PlyCount "132"]
[EventDate "2020.12.11"]
[EventType "tourn"]
[EventCountry "NET"]
[SourceTitle "playchess.com"]
[Source "ChessBase"]
[SourceQuality "1"]

{[%evp 22,132,44,23,83,83,84,80,82,85,108,109,102,98,100,102,109,70,150,127,129,118,122,80,70,55,117,121,153,158,154,153,141,116,120,82,104,75,102,93,104,52,41,38,45,0,0,0,18,0,0,0,0,0,0,-33,0,-21,0,-8,0,0,0,0,0,0,0,0,0,0,0,0,0,0,0,0,0,0,0,0,0,-8,-8,-8,-8,-8,-8,-8,-8,-8,-8,-8,-8,-5093,-5093,-29967,-29969,-29967,-29964,-29966,-29965,-29975,-29975,-29982,-29983,-29983,-29984,-29984,-29985,-29988,-29989,-29989,-29990]} 1. d4 Nf6 2. c4 e6 3. Nf3 b6 4. g3 Ba6 5. Qa4 Bb7 6. Bg2 c5 7. dxc5 Bxc5 8. O-O Be7 9. Bf4 O-O 10. Nc3 Na6 11. Rfd1 Nc5 12. Qc2 Nce4 {[#] E15: Queen's Indian: 4 g3 sidelines, 4 g3 Ba6 and 4 g3 Bb7 early deviations.} (12... Qc8 $11) 13. Ne5 $1 $16 {[%cal Rc3e4]} Nxc3 14. Bxb7 Nxd1 {White is better.} 15. Rxd1 Rc8 16. Bxc8 Qxc8 {[#]} 17. Qa4 $1 d5 18. Qxa7 Bc5 19. Nd3 Bd4 ({Better is} 19... Re8 $14) 20. cxd5 {[#]} Nxd5 $146 ({Predecessor:} 20... Qc2 21. Rd2 Qb1+ 22. Kg2 Ne4 23. dxe6 fxe6 24. Qd7 Nxd2 25. Qxe6+ Kh8 26. Bxd2 Qc2 {½-½ (55) Schneider,S (2387)-Barkhagen,J (2432) Sweden 2014}) 21. Rc1 Qd8 22. Qa4 Nxf4 23. gxf4 e5 (23... Qd5 $14) 24. Rc4 ({Don't go for} 24. Nxe5 $2 Bxe5 25. Qd1 Bxb2 $19) 24... h5 25. fxe5 ({Don't play} 25. Nxe5 $6 Bxe5 26. fxe5 Qg5+ 27. Kh1 Qxe5 $14) 25... Bxe5 26. Qb5 Re8 27. Kf1 Bf6 28. Rc6 Qa8 29. f3 Bd4 30. Rc7 Rf8 31. a3 ({White should try} 31. Qd7 $16 Be3 32. Ra7) 31... Qd8 $1 $14 {[%cal Rd8c7]} 32. Rc4 g6 33. Qc6 Qh4 34. Qe4 Qh3+ $1 35. Ke1 Bg1 36. Qh4 Qg2 37. Qg3 Qh1 {( -> ...Be3+)} 38. Kd2 Bxh2 39. Qh3 {Threatens to win with Rh4.} Rd8 {[#]} 40. Qh4 $1 {[%mdl 512]} Rxd3+ 41. exd3 $11 {[%mdl 4096] Endgame KQR-KQB} Qg2+ 42. Kc1 {Strongly threatening Qf6.} Qf1+ 43. Kc2 Qe2+ 44. Kb1 Qxd3+ 45. Ka2 {Hoping for Rc8+.} Qd5 46. Qe4 Qxe4 47. Rxe4 {KR-KB} (47. fxe4 $2 {loses.} g5 $19) 47... g5 48. b4 h4 49. a4 {And now Rg4 would win.} f5 50. Re2 Bd6 {aiming for ...h3.} 51. a5 bxa5 $1 52. bxa5 h3 $1 {[%cal Rh3h2] ...h2 is the strong threat.} 53. a6 {Intending a7 and mate.} Bc5 54. Rh2 g4 55. fxg4 fxg4 56. Rc2 Bd4 $1 {White must now prevent ...g3.} 57. Rd2 $2 {[%mdl 8192]} (57. Rh2 $11) 57... Ba7 $19 58. Rh2 Kf7 {Black mates.} 59. Kb3 Ke6 60. Kc4 Ke5 61. Re2+ {Cut Off at move 61} Kf4 62. Kd5 g3 63. Re4+ Kf3 64. Rh4 h2 65. Rh7 g2 66. Rh3+ Kg4 {Black used his chance.  Weighted Error Value: White=0.39/Black=0.08} 0-1

[Event "USA-ch Online Qualifier 2021"]
[Site "Online"]
[Date "2020.12.18"]
[Round "6.2"]
[White "Yoo, Christopher Woojin"]
[Black "Lenderman, Aleksandr"]
[Result "1/2-1/2"]
[WhiteElo "2455"]
[BlackElo "2624"]
[Annotator "TA"]
[PlyCount "55"]
[EventDate "2020.12.11"]
[EventType "tourn"]
[EventCountry "NET"]
[SourceTitle "playchess.com"]
[Source "ChessBase"]
[SourceQuality "1"]

{[%evp 15,55,18,15,13,13,12,6,8,23,8,8,13,17,17,41,7,18,0,7,0,0,0,0,0,0,0,0,0,0,0,0,0,0,0,0,0,0,0,0,0,0,0]} 1. d4 f5 2. c4 Nf6 3. Nc3 e6 4. Nf3 Bb4 5. Bd2 O-O 6. g3 b6 7. Bg2 Bb7 8. O-O a5 9. Rc1 {A84: Dutch Defence: 2 c4 Miscellaneous.} Qe7 {[#]} 10. a3 $146 ({Predecessor:} 10. Ne1 Bxg2 11. Nxg2 d6 12. Nf4 Bxc3 13. Bxc3 g5 14. Nd3 Nbd7 15. Qa4 Ne4 16. Be1 {0-1 (44) Jedlicka,A (2288)-Ivanov,M (2424) Hradec Kralove 2011}) 10... Bxc3 11. Bxc3 Ne4 12. Nd2 Nxc3 13. Rxc3 Bxg2 14. Kxg2 a4 15. e4 Nc6 {[%cal Bb8c6,Bc6d4,Bd4b3][%mdl 32] The position is equal.} 16. d5 Nd4 17. Re1 f4 18. e5 Qf7 19. Nf3 Nb3 20. Rd3 Nc5 21. Rd4 Qh5 22. Ng1 Qh6 23. Qg4 {[%cal Rd4f4]} Rf5 {Hoping for ...Raf8.} 24. gxf4 Nb3 25. Rde4 Nc5 26. Rd4 $1 Nb3 27. Rde4 Nc5 28. Rd4 {An uneventful encounter.  Weighted Error Value: White=0.03/Black=0.02} 1/2-1/2

[Event "USA-ch Online Qualifier 2021"]
[Site "Online"]
[Date "2020.12.18"]
[Round "6.3"]
[White "Naroditsky, Daniel"]
[Black "Moradiabadi, Elshan"]
[Result "0-1"]
[WhiteElo "2621"]
[BlackElo "2555"]
[Annotator "TA"]
[PlyCount "64"]
[EventDate "2020.12.11"]
[EventType "tourn"]
[EventCountry "NET"]
[SourceTitle "playchess.com"]
[Source "ChessBase"]
[SourceQuality "1"]

{[%evp 9,64,9,-5,-2,35,35,72,81,92,85,90,28,22,20,52,10,41,0,0,0,2,-45,-38,-125,-158,-355,-361,-387,-373,-329,-376,-352,-352,-695,-640,-29969,-29970,-29967,-29968,-29968,-29968,-5181,-281,-988,-921,-892,-397,-29979,-29980,-29980,-5306,-29993,-29989,-29989,-29990,-29990,-29981]} 1. b3 e5 2. Bb2 Nc6 3. e3 a6 4. Nf3 e4 5. Nd4 Nxd4 6. Bxd4 {A01: Nimzowitsch-Larsen Opening.} Nf6 $5 {[%mdl 4] Leaves trodden paths.} 7. c4 c5 8. Bxf6 {White is better.} Qxf6 9. Nc3 Qe5 {[#]} 10. f4 $146 (10. Rc1 $16) ({Predecessor:} 10. Qc2 f5 11. d3 exd3 12. Bxd3 g6 13. Rd1 Bg7 14. Nd5 O-O 15. O-O Rb8 16. Rd2 {½-½ (75) Pujari,R (2156)-Nimmy,A (2128) Bhayandar 2015}) 10... exf3 $1 $11 11. Qxf3 Bd6 12. Bd3 O-O 13. O-O-O Rb8 14. Rdf1 b5 15. Qh3 {[%csl Gd3][%cal Rh3h7]} g6 16. Nd5 (16. Kc2 $15) 16... Qa1+ $17 17. Bb1 $2 {This costs White the game.} (17. Kc2 $17 Qxa2+ 18. Kd1) 17... f5 $19 18. g4 {[%cal Rg4f5]} Bb7 $1 {[%cal Rb7d5]} 19. gxf5 Bxd5 20. fxg6 hxg6 {Threatens to win with ...Be4.} 21. cxd5 $2 {[#]} (21. Qxd7 Rbd8 22. Rxf8+ Bxf8 23. Qxd8) 21... c4 $1 ({Not} 21... Be5 22. Qxd7 Qb2+ 23. Kd1 $11) 22. Qxd7 Ba3+ 23. Kd1 Qxb1+ 24. Ke2 Qd3+ 25. Ke1 {[#]} Qe4 $2 (25... Rbe8 $1 {( -> ...Rxe3+!)} 26. Rxf8+ Rxf8 27. Qe6+ Kg7 28. Qd7+ Kg8 29. Qe6+ Kg7) 26. Rhg1 $2 {[#]} (26. Qe6+ Qxe6 27. dxe6) 26... c3 $1 27. Ke2 (27. dxc3 Qxe3+) 27... cxd2 (27... c2 $142 {Hoping for ...Rxf1.} 28. Ra1 Rf6) 28. Qc6 $2 (28. Rxf8+ $19 Rxf8 29. Qe6+ Qxe6 30. dxe6) 28... Rxf1 29. Rxf1 Re8 (29... Qg4+ $142 30. Kxd2 Qg2+ {[%mdl 64] Double Attack} 31. Kd3 Qxf1+ 32. Kd2 Qg2+ 33. Kd3 Bb2 34. Qe6+ Kh8 35. h3 Rf8 36. Qg4 Qxd5+ 37. Ke2 Bc3 38. Qh4+ Kg8 39. Qf4 Qg2+ {[%mdl 64] Double Attack} 40. Kd3 Rxf4 41. exf4 Qf3+ 42. Kc2 Qe3 43. h4 Qd2+ 44. Kb1 Qd1#) 30. Qc3 Qg2+ {Black mates.} 31. Rf2 {[#]} Qxf2+ $1 {[%mdl 576] Decoy, Promotion} 32. Kxf2 d1=N+ {Weighted Error Value: White=1.36/Black=0.56} 0-1

[Event "USA-ch Online Qualifier 2021"]
[Site "Online"]
[Date "2020.12.18"]
[Round "6.4"]
[White "Swiercz, Dariusz"]
[Black "Tang, Andrew"]
[Result "1-0"]
[WhiteElo "2649"]
[BlackElo "2538"]
[Annotator "TA"]
[PlyCount "69"]
[EventDate "2020.12.11"]
[EventType "tourn"]
[EventCountry "NET"]
[SourceTitle "playchess.com"]
[Source "ChessBase"]
[SourceQuality "1"]

{[%evp 16,69,47,43,46,38,39,42,45,33,34,28,42,28,22,35,43,43,56,30,88,89,89,89,100,83,105,104,337,103,110,106,95,78,106,113,115,66,66,54,65,42,61,54,137,137,128,88,737,724,739,-545,716,723,581,683]} 1. e4 e5 2. Nf3 Nc6 3. Bb5 a6 4. Ba4 Nf6 5. O-O d6 6. Bxc6+ bxc6 7. Re1 c5 8. c3 Be7 9. d4 cxd4 {C79: Ruy Lopez: Steinitz-type lines with 3...a6 4 Ba4 Nf6 5 0-0 d6.} 10. cxd4 exd4 11. Nxd4 Bd7 {White is slightly better.} 12. Nc3 O-O {[#]} 13. Bg5 $146 ({Predecessor:} 13. h3 Re8 14. Bf4 Qb8 15. b3 Qb7 16. Qd3 Rad8 17. Rad1 h6 18. Qf3 c5 19. Nde2 {1-0 (47) Harikrishna,P (2731)-Oleksienko,M (2594) Germany 2020}) 13... Re8 14. Qd3 h6 15. Bh4 Qb8 16. b3 Qb7 17. Rad1 c5 (17... a5 $11) 18. Nf5 $16 Bxf5 19. exf5 Rad8 20. g3 a5 21. Re2 Ng4 $2 (21... d5 $16) 22. Bxe7 $2 (22. Rxe7 $18 {and the rest is easy.} Rxe7 23. Nd5 {[%mdl 64] Pin}) 22... Rxe7 23. Rxe7 Qxe7 24. Qe4 $1 {[%cal Re4e7]} Ne5 25. Nd5 ({But not} 25. f4 $6 Nc6 $14) 25... Qd7 26. Kg2 Nc6 27. Re1 Nd4 28. Ne7+ Kh8 29. Qd5 {Strongly threatening f6.} f6 {[#]} (29... Rf8 $14) 30. Re4 $1 {And now Qf7 would win.} Kh7 31. g4 Re8 $2 {[%mdl 8192] [#]} (31... Rf8 $16) 32. Qf7 $1 $18 {[%mdl 512] White threatens Qg6+ and mate.} Nc6 {[#]} 33. Qg6+ $1 Kh8 {[#]} 34. Qxe8+ $1 {[%mdl 512]} Qxe8 35. Ng6+ {[%mdl 64] Discovered Attack.  Weighted Error Value: White=0.19/Black=0.26} 1-0

[Event "USA-ch Online Qualifier 2021"]
[Site "Online"]
[Date "2020.12.19"]
[Round "7.1"]
[White "Swiercz, Dariusz"]
[Black "Hess, Robert"]
[Result "1-0"]
[WhiteElo "2649"]
[BlackElo "2591"]
[Annotator "TA"]
[PlyCount "127"]
[EventDate "2020.12.11"]
[EventType "tourn"]
[EventCountry "NET"]
[SourceTitle "playchess.com"]
[Source "ChessBase"]
[SourceQuality "1"]

{[%evp 12,127,8,0,12,26,40,39,44,50,101,93,123,125,118,124,125,122,121,126,124,118,113,136,120,102,139,100,93,86,97,108,122,114,122,120,112,122,129,131,151,89,108,78,263,245,262,245,246,242,351,352,375,254,425,418,510,513,508,467,460,451,468,430,414,381,336,339,553,545,511,469,468,485,492,487,500,496,491,497,501,486,487,493,481,475,571,458,573,528,525,550,651,639,577,595,842,814,1087,1040,6141,5950,5433,5218,2303,2286,29976,4710,29982,29983,29981,29978,29990,29987,29988,29988,29988,29981]} 1. e4 {Mowsziszian,K} c5 2. Nf3 d6 3. d4 cxd4 4. Nxd4 Nf6 5. Nc3 a6 6. Bd3 e5 7. Nde2 Nbd7 {B90: Sicilian Najdorf: Unusual White 6th moves, 6 Be3 Ng4 and 6 Be3 e5.} 8. O-O b5 9. b4 Bb7 {[#] White is slightly better.} 10. Ng3 $146 ({Predecessor:} 10. a4 bxa4 11. Bg5 Be7 12. Rxa4 O-O 13. Qa1 d5 14. exd5 Nxd5 15. Bxe7 Qxe7 16. Nxd5 Bxd5 {1-0 (30) Campora,D (2545)-Sutovsky,E (2565) Biel 1996 CBM 055 [Mowsziszian,K]}) 10... d5 (10... h5 $14) 11. Nxd5 $16 Nxd5 12. exd5 Nf6 13. c4 bxc4 14. Bxc4 Bxd5 15. Bxd5 Qxd5 16. Qc2 Qb7 17. Bb2 Be7 18. Bxe5 {[#] Black must now prevent Nf5.} O-O 19. Rab1 Rfc8 20. Qb2 Ne8 21. Rfe1 Rc4 {[%cal Rc4b4]} 22. a3 Rac8 23. Nf5 {[%cal Re5g7]} Bf8 24. Qe2 Qb5 25. Qf3 $36 {[%mdl 2048] White is on the roll.} a5 26. Ne3 ({White should play} 26. Bxg7 Bxg7 27. Qh5) 26... R4c6 27. Qd5 Qa4 $2 {[#] Black cannot hold the game after this.} (27... Rb6 $16) 28. b5 $18 ({Weaker is} 28. Qxa5 Qxa5 29. bxa5 Rc5 $14) ({Less strong is} 28. bxa5 Rc5 $16) 28... Rc5 29. Qd4 Qxd4 30. Bxd4 Rh5 (30... R5c7 {keeps fighting.} 31. a4 f6) 31. a4 Rh4 32. Red1 Rd8 $2 (32... Nd6 33. g3 Re4) 33. g4 f6 34. Kg2 h5 35. h3 hxg4 36. hxg4 Bb4 37. f3 Kf7 38. Nf5 Rh8 39. Bb6 Rb8 $2 (39... Rxd1 {is a better defense.} 40. Rxd1 g6) 40. Bf2 Rb7 41. Rbc1 g6 42. Nd4 Nc7 43. Nc6 Ne6 44. Rc4 g5 45. Bg3 Ra8 46. Nxb4 axb4 47. Rxb4 Nc5 48. Rdd4 Rba7 49. Bd6 Ne6 50. Rdc4 Rd7 51. Rc6 Kg6 52. Re4 Nd8 53. Rb6 Nf7 54. Be7 Rd2+ 55. Kg3 Ra2 56. Rxf6+ Kg7 57. Ra6 Rc8 58. Bf6+ Kh7 59. Rc6 (59. Re7 $142 Kg8 60. b6 Nd6 61. Bxg5 Rb2 62. Bf4 Nf7 63. b7 Rd8 64. Ra7) 59... Ra8 60. Re7 {White mates.} Kg8 61. Rcc7 R8xa4 62. Re8+ Kh7 63. Rxf7+ Kg6 64. Ref8 {Weighted Error Value: White=0.12/Black=0.32} 1-0

[Event "USA-ch Online Qualifier 2021"]
[Site "Online"]
[Date "2020.12.19"]
[Round "7.3"]
[White "Moradiabadi, Elshan"]
[Black "Yoo, Christopher Woojin"]
[Result "1/2-1/2"]
[WhiteElo "2555"]
[BlackElo "2455"]
[Annotator "TA"]
[PlyCount "83"]
[EventDate "2020.12.11"]
[EventType "tourn"]
[EventCountry "NET"]
[SourceTitle "playchess.com"]
[Source "ChessBase"]
[SourceQuality "1"]

{[%evp 12,83,20,8,15,7,40,37,42,43,33,8,36,27,29,27,37,27,30,27,25,29,29,0,0,10,15,0,0,0,0,-4,0,0,0,0,0,-9,-14,-17,5,10,138,140,141,146,139,149,168,26,28,0,23,0,0,0,0,0,0,0,0,0,0,0,0,0,0,0,0,0,0,0,0,0]} 1. Nf3 Nf6 2. c4 e6 3. g3 d5 4. d4 Be7 5. Bg2 O-O 6. Qc2 dxc4 7. Qxc4 a6 {E06: Closed Catalan: Early deviations.} 8. Bg5 Bd7 9. O-O Bc6 {White is slightly better.} 10. Rd1 {[#]} Nbd7 $146 ({Predecessor:} 10... Bd5 11. Qd3 Be4 12. Qe3 Nbd7 13. Nc3 Bc6 14. Qd3 b5 15. e4 b4 16. Bxf6 Nxf6 {1-0 (42) Kotsur,P (2559)-Tokhirjanova,H (2135) Dushanbe 2013}) 11. Qc2 h6 {[#] And now ...Be4 would win.} 12. Bxf6 Nxf6 13. Nc3 Bb4 14. Rac1 Qe7 15. a3 Bxc3 16. Qxc3 Rfd8 17. Bf1 Bxf3 18. Qxf3 c6 19. Qb3 Rd7 20. Rd3 Rad8 21. Rcd1 h5 22. Bg2 h4 23. Bf3 Ne8 24. Qc3 Nc7 25. Qc4 (25. e3 {feels hotter.} Nb5 26. Qc2 Qf6 27. Qe2 Qg6 28. a4) 25... hxg3 (25... Nb5 {is more complex.} 26. e4 Qf6 27. e5 Qf5 28. Be2 hxg3 29. fxg3 Qg5) 26. hxg3 e5 (26... Nb5 $11) 27. dxe5 $16 Rxd3 28. Rxd3 Rxd3 29. Qxd3 ({Much worse is} 29. exd3 $6 Qxe5 30. d4 Qe7 $11) 29... Qxe5 30. Qd8+ (30. Qd7 $18) 30... Ne8 $11 31. Bg4 Kh7 32. Qd7 Nd6 $1 {The position is equal.} 33. b4 g6 34. Bf3 Kg7 35. Kg2 Kf8 36. Qd8+ Kg7 37. Qc7 Kf8 38. Qb8+ Kg7 39. Qc7 Kf8 40. Qd8+ Kg7 41. Qd7 Kf8 42. Qd8+ {Weighted Error Value: White=0.12/Black=0.11} 1/2-1/2

[Event "USA-ch Online Qualifier 2021"]
[Site "Online"]
[Date "2020.12.19"]
[Round "7.4"]
[White "Lenderman, Aleksandr"]
[Black "Gareyev, Timur"]
[Result "1-0"]
[WhiteElo "2624"]
[BlackElo "2606"]
[Annotator "TA"]
[PlyCount "63"]
[EventDate "2020.12.11"]
[EventType "tourn"]
[EventCountry "NET"]
[SourceTitle "playchess.com"]
[Source "ChessBase"]
[SourceQuality "1"]

{[%evp 11,63,42,43,46,33,0,0,0,12,0,2,-23,-24,-24,-32,-23,-27,-20,-17,-23,-26,-31,-30,-15,-14,-39,0,0,0,0,0,0,0,0,0,0,0,0,0,0,0,-161,-152,-156,71,63,149,154,160,154,150,149,29998,29999]} 1. Nf3 d6 2. d4 Nf6 3. c4 Bf5 4. g3 g6 5. Bg2 Bg7 6. O-O O-O 7. Qb3 {E60: King's Indian: Unusual lines and Fianchetto Variation without Nc3.} Qc8 8. Nc3 Nc6 9. Rd1 {The position is equal.} Ne4 {[#]} 10. Nd5 $146 ({Predecessor:} 10. Be3 Re8 11. Nh4 Nxc3 12. bxc3 Bg4 13. Nf3 Rb8 14. Rab1 Na5 15. Qa4 b6 16. Rb2 {0-1 (33) Hruschka,G-Giese,E (1838) Sao Paulo 2007}) 10... a5 11. Qe3 e6 12. Nc3 Nxc3 13. Qxc3 e5 {White must now prevent ...exd4.} 14. Be3 Bg4 15. dxe5 dxe5 16. Rd2 Re8 17. Rad1 h6 18. Qa3 e4 19. Nd4 Ne5 20. Qa4 Bd7 $36 {[%mdl 2048] White is under pressure.} 21. Nb5 Bc6 22. Qb3 a4 23. Qb4 f5 24. Bh3 Nf7 25. Bf4 e3 26. fxe3 $2 {[#]} (26. Bxe3 $11 b6 27. Bf4) 26... g5 $1 $19 {[%cal Rg5f4]} 27. Qc5 Ne5 $2 (27... gxf4 $17 {and life is bright.} 28. exf4 Bf8 29. Qxf5 Qxf5 30. Bxf5 Bb4) 28. Na7 $16 Qb8 ({Better is} 28... Qe6 $14 29. Nxc6 Qxc6 30. Qxc6 bxc6) 29. Nxc6 Nxc6 30. Qxf5 {Strongly threatening Rd7.} gxf4 31. Rd7 {Qf7+ would kill now.} ({Much less strong is} 31. exf4 Kh8 $14) 31... Qa7 $2 {[%mdl 8192] [#]} (31... Re7 $16) 32. Qf7+ {[%mdl 64] Double Attack.  Weighted Error Value: White=0.12/Black=0.46} 1-0